000 00600nam a2200193Ia 4500
005 20250326142253.0
008 250326s9999 xx 000 0 und d
020 _a81-85989-66-4
037 _aTextbook
040 _aFMSL
_beng
_cFMSL
041 _aeng
_2eng
084 _aT4:7 P1
_qFMSL
100 _aGupta S L
245 0 _aProject report writing: Organising and writing project report in the appropriate style
_cGupta S L; Rampal M K
260 _aNew Delhi
_bNew Delhi, Galgotia Publishing Company
_c2001
300 _a333p
942 _cTB
_hT4:7 P1
999 _c1294228
_d1294228